| 000 | 01310cam a22003134a 4500 | ||
|---|---|---|---|
| 001 | 16265489 | ||
| 005 | 20110829101027.0 | ||
| 008 | 100603s2010 si a b 001 0 eng d | ||
| 020 | _a9780470825198 (hbk.) | ||
| 020 | _a0470825197 (hbk.) | ||
| 040 |
_aUKM _cUKM _dBTCTA _dBWX _dC#P _dCDX _dYDXCP _dDLC |
||
| 082 | 0 | 4 |
_a332.091767 _222 _bSTA |
| 245 | 0 | 4 |
_aThe stability of Islamic finance : _bcreating a resilient financial environment for a secure future / _cHossein Askari ... [et al.]. |
| 260 |
_aSingapore ; _aHoboken, NJ : _bWiley, _cc2010. |
||
| 300 |
_axvii, 230 p. : _bill. ; _c24 cm. |
||
| 490 | 1 |
_a[Wiley finance] _928656 |
|
| 500 | _aSeries statement from jacket. | ||
| 504 | _aIncludes bibliographical references and index. | ||
| 650 | 0 |
_aFinance _zArab countries. _928657 |
|
| 650 | 0 |
_aFinance _xReligious aspects _xIslam. _928658 |
|
| 650 | 0 |
_aEconomic stabilization. _928659 |
|
| 650 | 0 |
_aFinancial crises _xHistory. _928660 |
|
| 653 |
_bEco _cFebruary2012 |
||
| 700 | 1 |
_aAskari, Hossein. _928661 |
|
| 830 | 0 |
_aWiley finance series. _928662 |
|
| 942 |
_2ddc _cBB |
||
| 999 |
_c16397 _d16397 |
||